| 000 | 00506nam a22001817i 4500 | ||
|---|---|---|---|
| 001 | 331 | ||
| 003 | OSt | ||
| 005 | 20170126082242.0 | ||
| 007 | tu | ||
| 008 | 161220s1988 xxu||||| |||| 00| 0 d | ||
| 024 | 7 |
_a330 _2RID |
|
| 040 | _cOSt | ||
| 084 |
_a18.2 _2z |
||
| 245 | 0 | 0 |
_aDokumente und Materialien.Bericht und Schlußwort des Gen.Sekr,ZK KPdSU,Michail Gorbatschow.Entschließungen _bXIX. Unionskonferenz der KPdSU |
| 260 |
_aMoskau : _bAPN-Verlag, _c1988. |
||
| 300 |
_a176 S. ; _c21cm. |
||
| 651 | _aSoviet Union | ||
| 942 | _cB | ||
| 999 |
_c327 _d327 |
||